| 000 | 01072nam a22002657a 4500 | ||
|---|---|---|---|
| 999 |
_c2283 _d2283 |
||
| 003 | AR-CdUCM | ||
| 008 | 190304b ||||| |||| 00| 0 spa d | ||
| 020 | _a84-309-0760-2 | ||
| 040 |
_aMUNICIPALIDAD PROVINCIAL DEL CUSCO _cBIBLIOTECA MUNICIPAL DEL CUSCO |
||
| 082 |
_a323.3 / _bP83 |
||
| 100 |
_aLopez Pina, Antonio _98244 |
||
| 245 | _aPoder y clases sociales / | ||
| 260 |
_aMadrid : _bEdit.Tecnos, _c1978. |
||
| 300 |
_a149 paginas ; _c22 cm. |
||
| 440 |
_aColección de ciencias sociales _98245 |
||
| 505 | _aDesigualdad económica y política del sector publico --Desigualdades en niveles de renta --Estructura social y orden político en sociedades industriales avanzadas --La estructura social de España ... | ||
| 650 |
_aPlanteamientos políticos _98246 |
||
| 650 |
_aDemocracia _92598 |
||
| 650 |
_aDesigualdades económicas _98247 |
||
| 700 |
_aEnrique Fuentes Quintana (contribuciones) _98248 |
||
| 700 |
_aJose Ramon Lasuen (contribuciones) _98249 |
||
| 700 |
_aJulio Alcaide Inchaust (contribuciones) _98250 |
||
| 942 |
_2ddc _cLIBROS |
||
| 945 | _arjall | ||